000 01047nam a2200265Ia 4500
003 OSt
005 20220930080103.0
006 a|||||r|||| 00| 0
007 ta
008 220926b |||||||| |||| 00| 0 eng d
024 _a85105
037 _cTheses
040 _aCRL
_cCRL
_beng
041 _2eng
_aeng
100 _aIsar Jasmine
_9538041
110 _aUniversity of Delhi. Faculty of Inter-disciplinary and Applied Sciences. Department of Microbiology
_9522371
245 0 _aDevelopment and optimization of an anaerobic fermentative process for succinic acid production from Escherichia coli W3110 and Bacteroides fragilis, its purification and important applications
260 _aDelhi
_bUniversity of Delhi India
_c2006
300 _a254p.
_ap.
_ccm.
650 _aMICROBIOLOGY
700 _a Prof. R. K. Saxena Gu.
700 _aUniversity of Delhi. Faculty of Inter-disciplinary and Applied Sciences. Department of Microbiology
_9522372
942 _cDIS
_2CC
999 _c869279
_d869279